MARC

Tag First Indicator Second Indicator Subfields
LEADER 00000cam a22000004a 4500
001 in00003402003
005 20190405202406.0
006 m d
007 cr |||||||nn|n
008 120516s2012 kyu o d eng d
010 |z  2012019013 
020 |a 9780813136639 
020 |z 9780813136073 (hardcover : acid-free paper) 
020 |a 9780813140438 
035 |a (MdBmJHUP)muse9780813136639 
040 |a MdBmJHUP  |c MdBmJHUP  |d UtOrBLW 
043 |a n-us-ky 
050 0 0 |a F459.L6  |b B55 2012 
082 0 0 |a 976.9/47  |2 23 
245 0 0 |a Bluegrass renaissance :  |b the history and culture of central Kentucky, 1792-1852 /  |c edited by James C. Klotter and Daniel Rowland. 
264 1 |a Lexington, Ky. :  |b University Press of Kentucky,  |c [2012] 
264 4 |c ©2012 
300 |a 1 online resource (400 pages) 
336 |a text  |b txt  |2 rdacontent 
337 |a computer  |b c  |2 rdamedia 
338 |a online resource  |b cr  |2 rdacarrier 
504 |a Includes bibliographical references and index. 
505 0 |a Part 1. Overview and Comparisons -- Central Kentucky's "Athens of the West" Image in the Nation and in History / James C. Klotter -- Putting Kentucky in Its Place / Stephen Aron -- Kentucky's "Athens of the West" Viewed in a "Distant Mirror" / Shearer Davis Bowman -- Part 2. Facets of Life -- Slavery and Abolition in Kentucky : "Patter-rollers were everywhere" / Gerald L. Smith -- "Mrs. Boone, I presume?" : In Search of the Idea of Womanhood in Kentucky's Early Years / Randolph Hollingsworth -- "A richer land never seen yet" : Horse Country and the "Athens of the West" / Maryjean Wall -- Three Central Kentuckians, the "Bone" of Political Office, and the Kentucky Exodus, 1792-1852 / Mark V. Wetherington -- Part 3. Science, Arts, and Education -- Jewels in the Crown : Civic Pride and Educational Institutions in the Bluegrass, 1792-1852 / John R. Thelin -- Horace Holley and the Struggle for Kentucky's Mind and Soul / Tom Eblen and Mollie Eblen -- Living Hills : The Frontier Science of Rafinesque / Matthew F. Clarke -- Lexington Limners : Portrait Painters in the "Athens of the West" / Estill Curtis Pennington -- Public Music Making, Concert Life, and Composition in Kentucky during the Early National Period / Nikos Pappas -- Benjamin Henry Latrobe and Neoclassical Lexington / Patrick Snadon -- Afterword / by Jim Gray. 
588 |a Description based on print version record. 
500 |a Electronic resource. 
651 0 |a Lexington Region (Ky.)  |x Intellectual life. 
651 0 |a Lexington Region (Ky.)  |x Social life and customs. 
651 0 |a Lexington Region (Ky.)  |x History  |y 19th century. 
651 0 |a Lexington Region (Ky.)  |x History  |y 18th century. 
651 0 |a Lexington (Ky.)  |x Intellectual life. 
651 0 |a Lexington (Ky.)  |x Social life and customs. 
651 0 |a Lexington (Ky.)  |x History  |y 19th century. 
651 0 |a Lexington (Ky.)  |x History  |y 18th century. 
655 7 |a Electronic books.  |2 local 
700 1 |a Rowland, Daniel B.  |q (Daniel Bruce),  |d 1941- 
700 1 |a Klotter, James C. 
856 4 0 |u http://proxy.library.tamu.edu/login?url=http://muse.jhu.edu/books/9780813136639/  |z Connect to the full text of this electronic book  |t 0 
999 |a MARS 
999 f f |s 2fae8ba1-7b24-3ff3-a182-c475f4c13058  |i ce89d00b-41b3-3544-94df-db58d989dc5a  |t 0 
952 f f |a Texas A&M University  |b College Station  |c Electronic Resources  |d Available Online  |t 0  |e F459.L6 B55 2012  |h Library of Congress classification 
998 f f |a F459.L6 B55 2012  |t 0  |l Available Online